<?xml version="1.0" encoding="UTF-8"?>
<collection xmlns="http://www.loc.gov/MARC21/slim">
 <record>
  <leader>01502nam a2200217Ia 4500</leader>
  <controlfield tag="001">CTU_166530</controlfield>
  <controlfield tag="008">210402s9999    xx            000 0 und d</controlfield>
  <datafield tag="020" ind1=" " ind2=" ">
   <subfield code="c">96.97</subfield>
  </datafield>
  <datafield tag="082" ind1=" " ind2=" ">
   <subfield code="a">551.116</subfield>
  </datafield>
  <datafield tag="082" ind1=" " ind2=" ">
   <subfield code="b">S384</subfield>
  </datafield>
  <datafield tag="100" ind1=" " ind2=" ">
   <subfield code="a">Schubert, Gerald</subfield>
  </datafield>
  <datafield tag="245" ind1=" " ind2="0">
   <subfield code="a">Mantle convection in the earth and planets</subfield>
  </datafield>
  <datafield tag="245" ind1=" " ind2="0">
   <subfield code="c">Gerald Schubert, Donald L. Turcotte, Peter Olson</subfield>
  </datafield>
  <datafield tag="260" ind1=" " ind2=" ">
   <subfield code="a">Cambridge</subfield>
  </datafield>
  <datafield tag="260" ind1=" " ind2=" ">
   <subfield code="b">Cambridge University Press</subfield>
  </datafield>
  <datafield tag="260" ind1=" " ind2=" ">
   <subfield code="c">2001</subfield>
  </datafield>
  <datafield tag="520" ind1=" " ind2=" ">
   <subfield code="a">Mantle Convection in the Earth and Planets is a comprehensive synthesis of all aspects of mantle convection within the Earth, the terrestrial planets, the Moon, and the Galilean satellites of Jupiter. The authors include up-to-date discussions of the latest research developments that have revolutionized our understanding of the Earth and the planets. The book features a comprehensive index, an extensive reference list, numerous illustrations (many in color) and major questions that focus the discussion and suggest avenues of future research. It is suitable as a text for graduate courses in geophysics and planetary physics, and as a supplementary reference for use at the undergraduate level. It is also an invaluable review for researchers in the broad fields of the Earth and planetary sciences.</subfield>
  </datafield>
  <datafield tag="650" ind1=" " ind2=" ">
   <subfield code="a">Earth,Heat,Geodynamics,Trái đất,Nhiệt,Động lực địa cầu</subfield>
  </datafield>
  <datafield tag="650" ind1=" " ind2=" ">
   <subfield code="x">Mantle,Convection,Lớp vỏ,Đối lưu</subfield>
  </datafield>
  <datafield tag="904" ind1=" " ind2=" ">
   <subfield code="i">QHieu</subfield>
  </datafield>
  <datafield tag="980" ind1=" " ind2=" ">
   <subfield code="a">Trung tâm Học liệu Trường Đại học Cần Thơ</subfield>
  </datafield>
 </record>
</collection>
